000 00486nam a2200181Ia 4500
008 090123s9999 xx 000 0 und d
082 _b39798
100 _aपरब गजानन
245 _aस्वप्नं
250 _a1
260 _bअनघा प्रकाशन
_c2006
300 _a112
600 _aपरब गजानन
630 _aस्वप्नं
700 _aपरब गजानन
730 _aस्वप्नं
942 _cBOOK
999 _c77870
_d77870